[Event "EU-ch U12 26th"]
[Site "Prague"]
[Date "2016.08.27"]
[Round "9"]
[White "Jordanov, Mihail"]
[Black "Nezval, Filip"]
[Result "1/2-1/2"]
[WhiteElo "1758"]
[BlackElo "1123"]
[PlyCount "123"]
[EventDate "2016.08.18"]
[EventType "swiss"]
[EventRounds "9"]
[EventCountry "CZE"]
[SourceTitle "CBM 174 Extra"]
[Source "ChessBase"]
[SourceDate "2016.10.10"]
[SourceVersion "1"]
[SourceVersionDate "2016.10.10"]
[SourceQuality "1"]

1. e4 c6 2. d4 d5 3. exd5 cxd5 4. Bf4 Nc6 5. Nf3 Bg4 6. c3 e6 7. Bd3 Bd6 8. Bg3 Qc7 9. Nbd2 Nf6 10. 0-0 0-0 11. Re1 Rac8 12. Qc2 Bxg3 13. hxg3 h6 14. Rac1 Bxf3 15. Nxf3 Rfd8 16. Qe2 a6 17. Ne5 Nxe5 18. dxe5 Nd7 19. Qe3 Qc5 20. Qf4 b5 21. g4 Qe7 22. Qg3 Rc6 23. f4 Rdc8 24. Rcd1 b4 25. cxb4 Qxb4 26. b3 Qd4+ 27. Qe3 Qxe3+ 28. Rxe3 a5 29. Bb5 R6c7 30. Bxd7 Rxd7 31. Rd2 Rdc7 32. Ree2 Rc3 33. Kf2 Kf8 34. Re3 Rc2 35. Ree2 R2c3 36. Rd4 Ke8 37. f5 Kd7 38. Ra4 R8c5 39. b4 R5c4 40. Rxa5 Rxb4 41. Ra7+ Rc7 42. Rxc7+ Kxc7 43. Kg3 Kd7 44. Rf2 Ra4 45. f6 g6 46. Rb2 Kc7 47. Rc2+ Kd7 48. Kf3 Ra3+ 49. Kf2 Ra4 50. Rb2 Kc7 51. Rc2+ Kb7 52. Rb2+ Kc7 53. Rc2+ Kb7 54. Kg3 Ra3+ 55. Kf2 Ra4 56. Rb2+ Kc7 57. Kg3 Ra3+ 58. Kf2 g5 59. Rc2+ Kb7 60. Rb2+ Kc7 61. Rc2+ Kb7 62. Rb2+ 1/2-1/2

[Event "EU-ch U12 26th"]
[Site "Prague"]
[Date "2016.08.24"]
[Round "6"]
[White "Nezval, Filip"]
[Black "Jirousek, Jan"]
[Result "0-1"]
[WhiteElo "1123"]
[BlackElo "1581"]
[PlyCount "46"]
[EventDate "2016.08.18"]
[EventType "swiss"]
[EventRounds "9"]
[EventCountry "CZE"]
[SourceTitle "CBM 174 Extra"]
[Source "ChessBase"]
[SourceDate "2016.10.10"]
[SourceVersion "1"]
[SourceVersionDate "2016.10.10"]
[SourceQuality "1"]

1. d4 d5 2. Nf3 c5 3. dxc5 e6 4. Bg5 Nf6 5. e3 Nc6 6. c3 Bxc5 7. Bd3 0-0 8. Nbd2 Re8 9. e4 Qb6 10. 0-0 dxe4 11. Bxe4 Qxb2 12. Bxf6 gxf6 13. Nh4 f5 14. Bxc6 bxc6 15. Nhf3 Ba6 16. Re1 Rad8 17. Ng5 Bxf2+ 18. Kh1 Rxd2 19. Qh5 Rd7 20. Qxh7+ Kf8 21. Nxe6+ Rxe6 22. Reb1 Qxc3 23. Qxf5 Qf6 0-1